00260nam a2200109Ia 4500100001900000654002300019245003200042260004200074082001400116300000800130546001200138 aZaniold/carlo  aAdvanced Computer aAdvanced Database Systems bMorgan kaufmann pubaNew yorkc1997 a5.74bZAW a574 aENGLISH